| 000 | 00868nam a22002297a 4500 | ||
|---|---|---|---|
| 005 | 20111226111045.0 | ||
| 008 | 111226t xxu||||| |||| 00| 0 eng d | ||
| 010 | _aENG-104497 | ||
| 020 |
_a9788121210898 _c750.00 |
||
| 035 | _aEN-88030 | ||
| 037 | _bDBAD/PUB | ||
| 040 |
_aDPL _bEng |
||
| 082 | _a378.00954 | ||
| 100 |
_937371 _aChalam, K.S. |
||
| 245 | 0 | 0 |
_aDeconstructing higher education reforms in India / _cby K.S.Chalam |
| 260 |
_a New Delhi _bGyan Publishing House _c2011 |
||
| 270 |
_a23, Main Ansari Road, Darya Ganj _bNew Delhi _e110002 |
||
| 300 |
_a317p. _c22cm (Hb) |
||
| 500 | _aIncludes bibliographical references and index | ||
| 942 |
_2ddc _cEN _mCHA _h378.00954 |
||
| 999 |
_c59966 _d59966 |
||